| 000 | 00516nam a22001337a 4500 | ||
|---|---|---|---|
| 008 | 170307b xxu||||| |||| 00| 0 eng d | ||
| 082 |
_22016 _aUT 0670 _bB22 |
||
| 100 |
_919021 _aBandahala, Abdullah A. |
||
| 245 |
_aUncovering The Covered: Factors Affecting Public Service of Brgy. Officials in Brgy. Tres De Mayo, Digos City _cAbdullah Bandahala. |
||
| 300 |
_a51 pages; _b29 cm. |
||
| 650 | 0 |
_919024 _aLiberal Arts _vPolitical Science _xUndergraduate Thesis. |
|
| 700 |
_919026 _aBandahala, Abdullah A. |
||
| 942 |
_2ddc _cUT |
||
| 999 |
_c6340 _d6340 |
||